| 000 | 00437nam a22001577a 4500 | ||
|---|---|---|---|
| 003 | Macl | ||
| 005 | 20241018143002.0 | ||
| 008 | 241018b |||||||| |||| 00| 0 eng d | ||
| 040 | _cMacl | ||
| 082 | _a001 | ||
| 100 |
_aRaj Aditya _982512 |
||
| 245 | _aMPPSC State Service Examination General Studies and Aptitude Test | ||
| 260 |
_aNew Delhi _bArihant _c2024 |
||
| 650 |
_aLibrary and Information Science _917351 |
||
| 942 |
_2ddc _cC. BOOKS |
||
| 999 |
_c67042 _d67042 |
||